000 005710000a22001690004500
003 MACL
005 20160225125014.0
008 160225b xxu||||| |||| 00| 0 eng d
040 _aMACL
_cMACL
041 _aHindi
082 _a800
100 _aप्रोफेसर सत्‍यनारायण पाण्‍डेय
_940333
245 _aवैदिक साहित्‍य की रूपरेखा
260 _bसाहित्‍य निकेतन
_c1957
_aकानपुर
650 _aLiteracture
_939932
942 _cHIN
_k800
_2ddc
999 _c24995
_d24995